Juicio político al presidente y nueva inestabilidad política en América Latina
Saved in:
| Hovedforfatter: | |
|---|---|
| Format: | Bog |
| Sprog: | spansk |
| Udgivet: |
Buenos Aires
Fondo de Cultura Económica
2009
|
| Udgivelse: | 1a. ed |
| Serier: | Política y Derecho
|
| Fag: | |
| Tags: |
Tilføj Tag
Ingen Tags, Vær først til at tagge denne postø!
|
MARC
| LEADER | 00000nam a2200000 a 4500 | ||
|---|---|---|---|
| 001 | UCH5826 | ||
| 003 | CL-VaPUC | ||
| 008 | 091029e20090000AG |||||||||||||||||spa|d | ||
| 020 | |a 9789505577903 | ||
| 082 | 0 | 4 | |a 320.98 |b PER |2 21 |
| 100 | 0 | |a Pérez-Liñán, Aníbal |e author |9 542181 | |
| 245 | 1 | 0 | |a Juicio político al presidente y nueva inestabilidad política en América Latina |
| 250 | |a 1a. ed | ||
| 300 | |a 383 p | ||
| 942 | |c BK | ||
| 945 | |d 20091029 00:00:00 |a rbrito | ||
| 260 | |a Buenos Aires |b Fondo de Cultura Económica |c 2009 | ||
| 650 | 7 | |a POLITICA LATINOAMERICANA |2 CL-VaPUC |9 534099 | |
| 650 | 0 | |a Democracia |9 255256 | |
| 650 | 7 | |a PRESIDENCIALISMO |2 CL-VaPUC |9 316629 | |
| 650 | 0 | |a Política |9 255312 | |
| 650 | 0 | |a Economía política |9 255814 | |
| 650 | 7 | |a JUICIO POLITICO |2 CL-VaPUC |9 383147 | |
| 583 | |a last modification |c 20091029 00:00:00 |k Rodrigo Vera | ||
| 490 | 0 | |a Política y Derecho | |
| 999 | |c 336873 |d 336871 | ||
| 952 | |0 0 |1 0 |4 0 |6 320_980000000000000_PER_2009 |7 0 |8 A |9 428882 |a BIBHIS |b BIBHIS |d 2019-11-22 |i 4612876 |o 320.98 PER 2009 |p 4612876 |r 2025-01-20 |w 2019-11-22 |y BK |k HIS | ||